All Spider-Man Shows and Movies - Statistics

General Stats
  • This quiz has been taken 24 times
    22 since last reset
  • The average score is 21 of 36
Answer Stats
Year Answer % Correct
1978-79 Japanese Spider-Man
100%
2017-20 Marvel's Spider-Man
100%
1967-70 Spider-Man
100%
1981-82 Spider-Man
100%
1977 Spider-Man
100%
2002 Spider-Man
100%
2012 The Amazing Spider-Man
94%
2014 The Amazing Spider-Man 2
94%
1977-79 The Amazing Spider-Man
88%
2004 Spider-Man 2
82%
2017 Spider-Man Homecoming
82%
2007 Spider-Man 3
76%
2019 Spider-Man Far From Home
76%
2018 Spider-Man Into the Spider-Verse
76%
2021 Spider-Man No Way Home
76%
2008-09 Spectacular Spider-Man
59%
2023 Spider-Man Across the Spider-Verse
59%
2024 Kraven The Hunter
47%
2027 Spider-Man Beyond The Spider-Verse
47%
2026 Spider-Man Brand New Day
47%
2012-17 Ultimate Spider-Man
47%
2022 Morbius
41%
1994-98 Spider-Man The Animated Series
41%
2018 Venom
41%
2021 Venom Let There Be Carnage
41%
2024 Madame Web
35%
1981-83 Spider-Man and His Amazing Friends
35%
1999-2001 Spider-Man Unlimited
35%
2024 Venom the Last Dance
35%
2025-present Your Friendly Neighborhood Spider-Man
35%
2023 Spider-Man Lotus
29%
2021-present Spidey and His Amazing Friends
29%
2003 Spider-Man The New Animated Series
24%
1978 Spider-Man Strikes Back
18%
1981 Spider-Man: The Dragon's Challenge
18%
2026-TBD Spider-Noir
18%
No matching quizzes found
Score Distribution
Percent of People with Each Score
Percentile by Number Answered
Your Score History
You have not taken this quiz since the last reset